Austria, Australia DAC journal 2000
Enregistré dans:
| Format: | Livre |
|---|---|
| Langue: | anglais |
| Publié: |
Paris
OECD
2000
|
| Collection: | International Development
|
| Sujets: | |
| Tags: |
Pas de tags, Soyez le premier à ajouter un tag!
|
MARC
| LEADER | 00000nam a2200000 4500 | ||
|---|---|---|---|
| 001 | c131822 | ||
| 005 | 20221123132540.1 | ||
| 020 | |a 92-64-17155-X | ||
| 022 | |a 1563-3152 | ||
| 041 | 0 | |a eng | |
| 044 | |a FR | ||
| 245 | 1 | 0 | |a Austria, Australia |b DAC journal 2000 |
| 264 | 1 | |a Paris |b OECD |c 2000 | |
| 300 | |a 63, 93 s. | ||
| 490 | 1 | |a International Development | |
| 830 | 0 | |a International Development | |
| 610 | 2 | 0 | |a spolupráca hospodárska medzinárodná |
| 610 | 2 | 0 | |a Rakúsko |
| 610 | 2 | 0 | |a Austrália |
| 610 | 2 | 0 | |a porovnanie medzinárodné |
| 610 | 2 | 0 | |a porovnanie štatistické medzinárodné |
| 610 | 2 | 0 | |a rozvoj hospodársky |
| 610 | 2 | 0 | |a OECD |